[Event "14. Lichtenberger Sommer"]
[Site "14. Lichtenberger Sommer"]
[Date "2015.08.19"]
[Round "5.40"]
[White "Geldner, Gerrit"]
[Black "Farnault, Eric"]
[Result "1-0"]
[WhiteElo "1777"]
[BlackElo "2032"]
[PlyCount "97"]
[EventDate "2015.??.??"]
[WhiteTeam "Schachunion Berlin"]
[BlackTeam "La Diagonale - Eybens"]

1. c4 b6 2. Nc3 Bb7 3. Nf3 e6 4. d4 Nf6 5. Bf4 Bb4 6. Qc2 Ne4 7. e3 O-O 8. Be2
d6 9. O-O Bxc3 10. bxc3 Nd7 11. Nd2 Nxd2 12. Qxd2 f5 13. f3 e5 14. Bg3 Qe7 15.
Bd3 Qf7 16. Qc2 a5 17. Bf2 Qh5 18. d5 Rf6 19. f4 Rh6 20. Bg3 e4 21. Be2 Qg6 22.
Qd2 Nc5 23. Rad1 Qe8 24. Qc2 Ba6 25. Rd4 Rf6 26. h3 Rh6 27. Kh2 Nd7 28. Qd2 Nf6
29. Rb1 Qg6 30. Qe1 Re8 31. Qd2 Ng4+ 32. Kg1 Nf6 33. Kh2 Nh5 34. Qe1 Nxg3 35.
Qxg3 Qf7 36. Qf2 Qd7 37. Qe1 Kh8 38. Qf2 Rg8 39. Rf1 Qa4 40. c5 Qxa2 41. Bxa6
Qxf2 42. Rxf2 dxc5 43. Rd1 Rb8 44. Bb5 Rd6 45. c4 Rbd8 46. Rg1 Rh6 47. g4 fxg4
48. Rxg4 Rf6 49. Rg5 1-0

[Event "14. Lichtenberger Sommer"]
[Site "14. Lichtenberger Sommer"]
[Date "2015.08.19"]
[Round "5.41"]
[White "Sidabras, Jonas"]
[Black "Segerberg, Tomas"]
[Result "1/2-1/2"]
[WhiteElo "1819"]
[BlackElo "2073"]
[PlyCount "111"]
[EventDate "2015.??.??"]
[WhiteTeam "SC Kreuzberg"]
[BlackTeam "Narva Berlin"]

1. d4 e6 2. c4 Nf6 3. g3 Bb4+ 4. Bd2 a5 5. Bg2 O-O 6. Nf3 d6 7. O-O Bxd2 8.
Qxd2 Nbd7 9. Nc3 e5 10. e4 Re8 11. b3 exd4 12. Qxd4 Ne5 13. Ne1 Nc6 14. Qd2 Nd7
15. Nd3 Nde5 16. Rad1 Bh3 17. Nxe5 Nxe5 18. f3 Bxg2 19. Kxg2 Ng6 20. Qd5 Qf6
21. Qd4 Qd8 22. Qd5 Qc8 23. f4 Ne7 24. Qg5 h6 25. Qh5 Nc6 26. Rfe1 Qe6 27. Nd5
Rac8 28. e5 g6 29. f5 gxh5 30. fxe6 Rxe6 31. exd6 cxd6 32. Nf4 Rxe1 33. Rxe1 h4
34. g4 a4 35. Kh3 axb3 36. axb3 Nd4 37. Re3 b5 38. Rd3 Nc6 39. cxb5 Ne5 40.
Rxd6 Rc3+ 41. Kxh4 Rxb3 42. b6 Kh7 43. Rf6 Ng6+ 44. Nxg6 fxg6 45. g5 Kg7 46.
Rc6 Rb4+ 47. Kg3 hxg5 48. Kf3 Kh6 49. Ke3 Kh5 50. Kf3 g4+ 51. Kg3 g5 52. Rd6
Rb2 53. Rc6 Rb3+ 54. Kg2 Rb2+ 55. Kg3 Rxb6 56. Rxb6 1/2-1/2

[Event "14. Lichtenberger Sommer"]
[Site "14. Lichtenberger Sommer"]
[Date "2015.08.19"]
[Round "5.42"]
[White "Baranowsky, Peter"]
[Black "Wirth, Heinz"]
[Result "0-1"]
[WhiteElo "1972"]
[BlackElo "2021"]
[PlyCount "52"]
[EventDate "2015.??.??"]
[WhiteTeam "SF 1903 Berlin"]
[BlackTeam "SC Weisse Dame (Berlin)"]

1. d4 Nf6 2. Nf3 g6 3. Nc3 d5 4. Bf4 Bg7 5. e3 O-O 6. Be2 c5 7. Ne5 Nc6 8. h4
cxd4 9. exd4 Qb6 10. Nxc6 bxc6 11. Na4 Qa5+ 12. c3 Nd7 13. b4 Qd8 14. h5 e5 15.
dxe5 Nxe5 16. Nc5 Qe7 17. O-O a5 18. h6 Bh8 19. Be3 axb4 20. cxb4 Qh4 21. b5
Ng4 22. Bxg4 Bxg4 23. Qc1 Be2 24. b6 Bxf1 25. b7 Bxg2 26. bxa8=Q Qh1# 0-1

[Event "14. Lichtenberger Sommer"]
[Site "14. Lichtenberger Sommer"]
[Date "2015.08.19"]
[Round "5.43"]
[White "Hoffmann, Andreas"]
[Black "Bonke, Hans-Jürgen"]
[Result "0-1"]
[WhiteElo "2015"]
[BlackElo "1962"]
[PlyCount "42"]
[EventDate "2015.??.??"]
[WhiteTeam "Thales (FV Schach)"]
[BlackTeam "SC Kreuzberg"]

1. g3 g6 2. Bg2 Bg7 3. c4 d6 4. Nc3 Nd7 5. e4 e6 6. Nge2 Ne7 7. d3 h6 8. Be3 a6
9. Qd2 Rb8 10. a4 b6 11. f4 Bb7 12. O-O f5 13. Rae1 c5 14. d4 Nf6 15. e5 Ng4
16. exd6 Qxd6 17. d5 exd5 18. Nxd5 Nxd5 19. Bxd5 Bxd5 20. Nc3 Kf7 21. Nxd5 Nxe3
0-1

[Event "14. Lichtenberger Sommer"]
[Site "14. Lichtenberger Sommer"]
[Date "2015.08.19"]
[Round "5.44"]
[White "Rudolph, Stephanie"]
[Black "Daverkausen, Bernd"]
[Result "0-1"]
[WhiteElo "1910"]
[BlackElo "2137"]
[PlyCount "83"]
[EventDate "2015.??.??"]
[WhiteTeam "SF Friedrichshagen"]
[BlackTeam "SC Zugzwang 95 (Berlin)"]

1. d4 Nf6 2. Nf3 g6 3. c4 Bg7 4. Nc3 O-O 5. e4 d6 6. Bd3 Na6 7. Be3 e5 8. d5
Nh5 9. g3 Qe8 10. Be2 f5 11. exf5 gxf5 12. Nh4 Nf6 13. Qd2 Nc5 14. O-O-O Nfe4
15. Nxe4 Nxe4 16. Qc2 c6 17. Rhg1 cxd5 18. Rxd5 Be6 19. Rb5 Qxb5 20. cxb5 Rac8
21. Qxc8 Rxc8+ 22. Kb1 Bf6 23. Bd3 Bxh4 24. gxh4+ Kf7 25. Bh6 Nxf2 26. Rg7+ Kf6
27. Be2 f4 28. a4 Bd5 29. Rg1 Bb3 30. Bg5+ Kf7 31. Bh5+ Ke6 32. Rf1 Bc2+ 33.
Ka2 Nh3 34. Bh6 Bf5 35. Re1 Nf2 36. Re2 Nd3 37. Rd2 d5 38. Rg2 e4 39. Rg7 f3
40. Bg5 f2 41. Re7+ Kd6 42. Be2 0-1

[Event "14. Lichtenberger Sommer"]
[Site "14. Lichtenberger Sommer"]
[Date "2015.08.19"]
[Round "5.45"]
[White "Hahlbohm, Matthias"]
[Black "Nabel, Matthias"]
[Result "0-1"]
[WhiteElo "2069"]
[BlackElo "1802"]
[PlyCount "80"]
[EventDate "2015.??.??"]
[WhiteTeam "TSG Oberschöneweide"]
[BlackTeam "SV Motor Wildau"]

1. e4 e6 2. d4 d5 3. e5 c5 4. c3 Nc6 5. Nf3 Bd7 6. Be2 Nge7 7. O-O cxd4 8. cxd4
Nf5 9. Nc3 Be7 10. Kh1 a6 11. g4 Nh4 12. Nxh4 Bxh4 13. Be3 O-O 14. Bd3 f6 15.
f4 fxe5 16. fxe5 Rxf1+ 17. Qxf1 Nxe5 18. dxe5 d4 19. Be4 dxe3 20. Rd1 Qe7 21.
Qd3 Bc6 22. Bxc6 bxc6 23. Qxe3 Qb4 24. Qf3 Rf8 25. Qg2 Qf4 26. Qe2 Be7 27. Kg2
Bc5 28. h3 Bd4 29. Rf1 Qxf1+ 30. Qxf1 Rxf1 31. Kxf1 Bxe5 32. Nd1 Bd4 33. b3 Kf7
34. Ke2 e5 35. Kd3 Ke6 36. Kc4 c5 37. b4 cxb4 38. Kxb4 Kd5 39. Kb3 Ke4 40. Kc2
Kf3 0-1

[Event "14. Lichtenberger Sommer"]
[Site "14. Lichtenberger Sommer"]
[Date "2015.08.19"]
[Round "5.46"]
[White "Sabrowski, Uwe"]
[Black "Casny, Guenter"]
[Result "1-0"]
[WhiteElo "2082"]
[BlackElo "1838"]
[PlyCount "63"]
[EventDate "2015.??.??"]
[WhiteTeam "SC Friesen Lichtenberg"]
[BlackTeam "SC Rochade (Berlin)"]

1. d4 Nf6 2. c4 g6 3. Nc3 Bg7 4. e4 O-O 5. Be2 d6 6. Bg5 Nbd7 7. Qd2 c5 8. d5
b6 9. h4 Ba6 10. Rc1 Rb8 11. a4 Qc7 12. Bh6 Rfe8 13. Bxg7 Kxg7 14. h5 Ng8 15.
hxg6 fxg6 16. Nh3 Ndf6 17. g4 Bc8 18. g5 Nd7 19. Nf4 Nf8 20. Nb5 Qb7 21. Qc3+
Kf7 22. e5 dxe5 23. Nd3 Rd8 24. Nxe5+ Ke8 25. Nc6 Bd7 26. Nxd8 Kxd8 27. Qg7
Bxb5 28. axb5 Kd7 29. Qxg8 Re8 30. Qf7 Qc7 31. d6 Qd8 32. Bg4+ 1-0

[Event "14. Lichtenberger Sommer"]
[Site "14. Lichtenberger Sommer"]
[Date "2015.08.19"]
[Round "5.47"]
[White "Lieder, Günter"]
[Black "Badestein, Hartmut"]
[Result "1/2-1/2"]
[WhiteElo "1849"]
[BlackElo "2055"]
[PlyCount "44"]
[EventDate "2015.??.??"]
[WhiteTeam "SK Turm Bad Hersfeld"]
[BlackTeam "SC Friesen Lichtenberg"]

1. c4 Nf6 2. Nc3 g6 3. g3 Bg7 4. Bg2 d6 5. Nf3 O-O 6. O-O e5 7. d3 Nc6 8. Bg5
h6 9. Bd2 Be6 10. a3 a5 11. Rb1 Qd7 12. b4 axb4 13. axb4 Bh3 14. Nb5 Bxg2 15.
Kxg2 e4 16. Ne1 Rfe8 17. Nc2 exd3 18. exd3 Ne5 19. Bc3 d5 20. Bxe5 Rxe5 21.
Nbd4 dxc4 22. dxc4 Ne4 1/2-1/2

[Event "14. Lichtenberger Sommer"]
[Site "14. Lichtenberger Sommer"]
[Date "2015.08.19"]
[Round "5.48"]
[White "Kapr, Klaus"]
[Black "Wallmann, Bodo"]
[Result "1-0"]
[WhiteElo "2035"]
[BlackElo "1834"]
[PlyCount "99"]
[EventDate "2015.??.??"]
[WhiteTeam "SC Friesen Lichtenberg"]
[BlackTeam "SC Kreuzberg"]

1. e4 c5 2. Nf3 d6 3. d4 cxd4 4. Nxd4 Nf6 5. Nc3 a6 6. Be2 e5 7. Nb3 Be7 8. O-O
O-O 9. f4 exf4 10. Bxf4 Nc6 11. Kh1 Ne5 12. a4 Qc7 13. Nd4 Be6 14. Qe1 Nc4 15.
b3 Ne5 16. Bxe5 dxe5 17. Nxe6 fxe6 18. Bc4 Bb4 19. Rf3 Qc6 20. h3 Rad8 21. Qh4
Rd4 22. Raf1 Be7 23. Qg5 Kh8 24. Qxe5 Rdd8 25. Qxe6 Qxe6 26. Bxe6 Bd6 27. Bd5
Rfe8 28. Bxb7 a5 29. Bd5 h6 30. g4 Be5 31. Nb5 Nxd5 32. exd5 Rxd5 33. c4 Rd2
34. Rf8+ Rxf8 35. Rxf8+ Kh7 36. Rf5 Bb8 37. Rf3 Be5 38. Kg1 Rc2 39. Kf1 Kg6 40.
Ke1 Bf6 41. Kd1 Rh2 42. c5 Rh1+ 43. Kc2 Rh2+ 44. Kd3 Rb2 45. Kc4 Rc2+ 46. Nc3
Be5 47. c6 Rd2 48. Rd3 Rc2 49. Re3 Kf6 50. Rxe5 1-0

[Event "14. Lichtenberger Sommer"]
[Site "14. Lichtenberger Sommer"]
[Date "2015.08.19"]
[Round "5.49"]
[White "Bullig, Reinhard"]
[Black "Kornrumpf, Joachim"]
[Result "0-1"]
[WhiteElo "1772"]
[BlackElo "2046"]
[PlyCount "100"]
[EventDate "2015.??.??"]
[WhiteTeam "SF 1903 Berlin"]
[BlackTeam "Preetzer TSV"]

1. c4 c5 2. Nc3 Nf6 3. Nf3 e6 4. g3 b6 5. Bg2 Bb7 6. O-O Be7 7. Re1 d6 8. d3
O-O 9. e4 Nbd7 10. b3 a6 11. Bb2 Qc7 12. d4 cxd4 13. Nxd4 Rac8 14. Rc1 Rfd8 15.
h3 Bf8 16. Qe2 g6 17. Qe3 Qb8 18. f3 e5 19. Nc2 d5 20. Qe2 d4 21. Nd5 Nxd5 22.
exd5 b5 23. Rf1 bxc4 24. bxc4 Bxd5 25. Nxd4 exd4 26. cxd5 Qxg3 27. Bxd4 Bd6 28.
Rfe1 Rxc1 29. Rxc1 Qg5 30. Rd1 Nf6 31. Bf2 Qf4 32. Kf1 Re8 33. Qd2 Qc4+ 34. Kg1
Nh5 35. Re1 Rc8 36. Bf1 Qa4 37. Re4 Qa3 38. Re3 Qa4 39. Re4 Qa3 40. Re3 Qc1 41.
Re8+ Kg7 42. Qd4+ Nf6 43. Rxc8 Qxc8 44. Qb6 Be5 45. Bd4 Qf5 46. Bxe5 Qxe5 47.
Kg2 Nxd5 48. Qf2 a5 49. a4 h5 50. Qe2 Nf4+ 0-1

[Event "14. Lichtenberger Sommer"]
[Site "14. Lichtenberger Sommer"]
[Date "2015.08.19"]
[Round "5.51"]
[White "Mauch, Johannes"]
[Black "Heuser, Philip"]
[Result "1/2-1/2"]
[WhiteElo "1795"]
[BlackElo "2111"]
[PlyCount "82"]
[EventDate "2015.??.??"]
[WhiteTeam "fb Jena"]
[BlackTeam "Münchener SC"]

1. e4 c6 2. Nc3 d5 3. Nf3 Bg4 4. h3 Bxf3 5. Qxf3 e6 6. d3 Nd7 7. Bd2 Ngf6 8.
O-O-O Qb6 9. g4 d4 10. Nb1 Bb4 11. g5 Ng8 12. h4 Ne7 13. Qg3 e5 14. Bh3 Bxd2+
15. Nxd2 Ng6 16. Bxd7+ Kxd7 17. Qg4+ Ke7 18. Qf5 Qc7 19. h5 Nf8 20. Nc4 Nd7 21.
g6 hxg6 22. hxg6 f6 23. Rh7 Rhg8 24. f4 b5 25. Nxe5 fxe5 26. Qf7+ Kd6 27. Rxg7
Rxg7 28. Qxg7 exf4 29. Rh1 Kc5 30. Rh7 Rd8 31. Qe7+ Kb6 32. Rf7 f3 33. g7 f2
34. Rxf2 Rg8 35. Rf7 Qg3 36. Kd1 Qg1+ 37. Ke2 Qg2+ 38. Kd1 Qg1+ 39. Ke2 Qg2+
40. Kd1 Qg1+ 41. Ke2 Qg2+ 1/2-1/2

[Event "14. Lichtenberger Sommer"]
[Site "14. Lichtenberger Sommer"]
[Date "2015.08.19"]
[Round "5.52"]
[White "Seefeld, Marc"]
[Black "Osipenko, Pavel"]
[Result "0-1"]
[WhiteElo "1894"]
[BlackElo "2042"]
[PlyCount "104"]
[EventDate "2015.??.??"]
[WhiteTeam "Läufer Reinickendorf"]
[BlackTeam "Oryol"]

1. e4 c5 2. Nf3 Nc6 3. d4 cxd4 4. Nxd4 Nf6 5. Nc3 d6 6. Be2 g6 7. Be3 Bg7 8.
Qd2 O-O 9. Nxc6 bxc6 10. O-O Qc7 11. Bh6 Rd8 12. Bxg7 Kxg7 13. Rad1 Rb8 14. b3
Bg4 15. Bxg4 Nxg4 16. h3 Nf6 17. Qe3 Qb6 18. e5 Ne8 19. Rfe1 Qxe3 20. Rxe3 d5
21. Na4 Nc7 22. Rc3 d4 23. Rxc6 Ne6 24. Nc5 Nf4 25. Kf1 Rd5 26. Nd3 Ne6 27. f4
a5 28. a4 Kf8 29. Kf2 Rdd8 30. Kf3 Rbc8 31. Rxc8 Rxc8 32. Rd2 Rc3 33. Ke4 f5+
34. exf6 exf6 35. f5 gxf5+ 36. Kxf5 Kf7 37. Re2 Rc6 38. Ke4 Rd6 39. Kf3 f5 40.
Ne5+ Kf6 41. Kf2 Ng5 42. Nc4 Rd5 43. Nd2 Rc5 44. h4 Ne6 45. Nf3 Rc3 46. Ke1 Nf4
47. Rd2 d3 48. cxd3 Nxd3+ 49. Kd1 h6 50. Nd4 Ke5 51. Nc6+ Ke4 52. Nxa5 Rc1+ 0-1

[Event "14. Lichtenberger Sommer"]
[Site "14. Lichtenberger Sommer"]
[Date "2015.08.19"]
[Round "5.53"]
[White "Schäfer, Heiko"]
[Black "Kapp, Frank"]
[Result "1-0"]
[WhiteElo "2085"]
[BlackElo "1908"]
[PlyCount "103"]
[EventDate "2015.??.??"]
[WhiteTeam "Potsdamer SV"]
[BlackTeam "TSV IFA Chemnitz"]

1. d4 e6 2. Nf3 Nf6 3. e3 d5 4. Bd3 b6 5. c4 c6 6. O-O Be7 7. Nc3 O-O 8. e4
dxe4 9. Nxe4 Nbd7 10. Ne5 Nxe5 11. dxe5 Nxe4 12. Bxe4 Bb7 13. Qh5 g6 14. Qf3
Qc7 15. Bf4 Rfd8 16. a3 Rac8 17. Rac1 Rd7 18. Rfd1 Qd8 19. b4 Rcc7 20. g3 c5
21. Rxd7 Qxd7 22. Bxb7 Rxb7 23. Rd1 Qc7 24. b5 Rb8 25. Bh6 Qxe5 26. Rd7 Qf6 27.
Qc6 Bf8 28. Qc7 Ra8 29. Bf4 Bg7 30. Qb7 Re8 31. Qxa7 e5 32. Be3 Rd8 33. Qc7
Rxd7 34. Qxd7 Bf8 35. a4 Qd6 36. Qxd6 Bxd6 37. Bg5 Bc7 38. Be7 f5 39. a5 Kf7
40. a6 Bb8 41. Bxc5 Ba7 42. Bb4 Ke6 43. Kf1 g5 44. Ke2 h5 45. c5 bxc5 46. Ba5
Kd7 47. b6 Bxb6 48. Bxb6 Kc6 49. Bxc5 f4 50. Kf3 g4+ 51. Ke4 f3 52. Kxe5 1-0

[Event "14. Lichtenberger Sommer"]
[Site "14. Lichtenberger Sommer"]
[Date "2015.08.19"]
[Round "5.54"]
[White "Niechotz, Christopher"]
[Black "Zesewitz, Martin"]
[Result "1-0"]
[WhiteElo "2120"]
[BlackElo "1873"]
[PlyCount "81"]
[EventDate "2015.??.??"]
[WhiteTeam "SC Kreuzberg"]
[BlackTeam "SF Friedrichshagen"]

1. c4 f5 2. g3 Nf6 3. Nc3 e5 4. Nf3 d6 5. d3 Be7 6. Bg2 O-O 7. O-O Qe8 8. e4
Nc6 9. Nd5 Bd8 10. exf5 Nxd5 11. cxd5 Ne7 12. f6 gxf6 13. Bh6 Rf7 14. Nh4 Ng6
15. Qh5 Nxh4 16. Qxh4 Bf5 17. Qc4 a6 18. a4 Be7 19. f4 Qd7 20. Rf2 Bf8 21. fxe5
dxe5 22. Be3 Bg6 23. Raf1 Qd6 24. g4 Qb4 25. Qxb4 Bxb4 26. Be4 Kg7 27. h4 b5
28. Ra1 bxa4 29. h5 Bxe4 30. dxe4 Kf8 31. Kf1 Ke7 32. Rxa4 a5 33. Ke2 Kd6 34.
Ra1 Bc5 35. Rc1 Bxe3 36. Kxe3 Ra6 37. g5 c6 38. dxc6 f5 39. Rxf5 Rg7 40. Rf6+
Kc7 41. g6 1-0

[Event "14. Lichtenberger Sommer"]
[Site "14. Lichtenberger Sommer"]
[Date "2015.08.19"]
[Round "5.55"]
[White "Richter, Götz"]
[Black "Grassi, Fabrizio"]
[Result "1-0"]
[WhiteElo "2088"]
[BlackElo "1870"]
[PlyCount "87"]
[EventDate "2015.??.??"]
[WhiteTeam "Klub Kölner SF"]
[BlackTeam "SV Berlin-Friedrichstadt"]

1. e4 d5 2. exd5 Nf6 3. Bb5+ Bd7 4. Be2 Nxd5 5. d4 Bf5 6. Nf3 e6 7. O-O Nc6 8.
a3 Be7 9. c4 Nb6 10. h3 Bf6 11. Be3 O-O 12. b4 a6 13. Nc3 Qd7 14. Qd2 Rad8 15.
Rfd1 Rfe8 16. Qb2 h6 17. Qb3 Qe7 18. Ra2 Rd7 19. Rad2 Red8 20. g4 Bg6 21. Kg2
Kh8 22. h4 Bxh4 23. Rh1 Bf6 24. d5 Bxc3 25. Qxc3 exd5 26. Bxh6 f6 27. Be3+ Kg8
28. Bxb6 cxb6 29. cxd5 Rxd5 30. Rxd5 Rxd5 31. Bc4 Bf7 32. Bxd5 Bxd5 33. Qd3 Qe4
34. Qxe4 Bxe4 35. Re1 Bxf3+ 36. Kxf3 Ne5+ 37. Rxe5 fxe5 38. Ke4 Kf7 39. Kxe5 b5
40. f4 Ke7 41. Kd5 g6 42. Ke5 Kf7 43. Kd6 Kf6 44. Kc7 1-0

[Event "14. Lichtenberger Sommer"]
[Site "14. Lichtenberger Sommer"]
[Date "2015.08.19"]
[Round "5.56"]
[White "Boeck, Rüdiger"]
[Black "Albrecht, Rainer"]
[Result "1/2-1/2"]
[WhiteElo "1815"]
[BlackElo "2072"]
[PlyCount "37"]
[EventDate "2015.??.??"]
[WhiteTeam "SC Weiße Dame Ulm"]
[BlackTeam "SC Kreuzberg"]

1. e4 e6 2. d4 d5 3. exd5 exd5 4. Nf3 Nf6 5. Bd3 c5 6. dxc5 Bxc5 7. O-O O-O 8.
Bg5 Nc6 9. Nbd2 Bg4 10. h3 Bh5 11. c3 Re8 12. Qb3 Qd6 13. Bxf6 gxf6 14. c4 Ne5
15. Nxe5 Rxe5 16. g4 Re3 17. Kg2 dxc4 18. Qxb7 Rb8 19. Nxc4 1/2-1/2

[Event "14. Lichtenberger Sommer"]
[Site "14. Lichtenberger Sommer"]
[Date "2015.08.19"]
[Round "5.57"]
[White "Brasoy, Aksel"]
[Black "Glasser, Timon"]
[Result "0-1"]
[WhiteElo "1959"]
[BlackElo "1720"]
[PlyCount "82"]
[EventDate "2015.??.??"]
[WhiteTeam "Alta sjakklubb"]
[BlackTeam "La Diagonale - Eybens"]

1. d4 d6 2. e4 e5 3. dxe5 dxe5 4. Qxd8+ Kxd8 5. Nf3 Bd6 6. Bc4 Be6 7. Bxe6 fxe6
8. Nc3 Nf6 9. Bg5 Ke7 10. h3 Nc6 11. O-O-O a6 12. Rhe1 b5 13. Kb1 h6 14. Bc1 g5
15. Nh2 Raf8 16. f3 Nh5 17. Be3 Nf4 18. Rd2 h5 19. a3 Na5 20. Nd1 Nc4 21. Rf2
Nxe3 22. Nxe3 Bc5 23. Rd2 Rd8 24. Rxd8 Rxd8 25. Nhf1 Bxe3 26. Nxe3 Rd2 27. h4
gxh4 28. b3 Kf6 29. Kb2 Nxg2 30. Nxg2 Rxg2 31. Rh1 Kg5 32. Kc3 c5 33. Kd3 Rf2
34. Rh3 Rg2 35. Rh1 Rg3 36. Ke3 h3 37. c4 bxc4 38. bxc4 Kh4 39. a4 Rg2 40. a5
Kg3 41. Rf1 h2 0-1

[Event "14. Lichtenberger Sommer"]
[Site "14. Lichtenberger Sommer"]
[Date "2015.08.19"]
[Round "5.58"]
[White "Dittrich, Tom"]
[Black "Dreke, Frank"]
[Result "1-0"]
[WhiteElo "1813"]
[BlackElo "2003"]
[PlyCount "93"]
[EventDate "2015.??.??"]
[WhiteTeam "SG Stadtilm"]
[BlackTeam "SV Mattnetz Berlin"]

1. e4 Nf6 2. e5 Nd5 3. d4 d6 4. c4 Nb6 5. exd6 exd6 6. Nc3 Be7 7. Bd3 Nc6 8.
Nge2 O-O 9. O-O Nb4 10. b3 Nxd3 11. Qxd3 a5 12. Be3 Re8 13. Rac1 g6 14. Ng3 f5
15. Nge2 c6 16. d5 Nd7 17. Nd4 Ne5 18. Qd1 Bd7 19. Re1 Bf6 20. Nf3 Qe7 21. Nxe5
Bxe5 22. Na4 Ra6 23. Nb6 Qd8 24. Nxd7 Qxd7 25. Qd3 Raa8 26. Re2 Qf7 27. f4 Bg7
28. dxc6 bxc6 29. Qxd6 Rad8 30. Qxc6 Rxe3 31. Rxe3 Bd4 32. Rce1 Qa7 33. Qe6+
Qf7 34. Qxf7+ Kxf7 35. Kf1 Bxe3 36. Rxe3 Rd4 37. g3 a4 38. Ke2 a3 39. Rd3 Re4+
40. Kd2 h5 41. Re3 Rd4+ 42. Kc3 Rd1 43. Re2 h4 44. Kb4 Rg1 45. gxh4 Rf1 46. c5
Rxf4+ 47. Kb5 1-0

[Event "14. Lichtenberger Sommer"]
[Site "14. Lichtenberger Sommer"]
[Date "2015.08.19"]
[Round "5.59"]
[White "Zeller, Elisa"]
[Black "Lischeid, Kilian"]
[Result "1-0"]
[WhiteElo "1947"]
[BlackElo "1652"]
[PlyCount "33"]
[EventDate "2015.??.??"]
[WhiteTeam "SF Göppingen"]
[BlackTeam "Schachunion Berlin"]

1. e4 c5 2. Nf3 d6 3. d4 cxd4 4. Nxd4 Nf6 5. Nc3 g6 6. Be2 Bg7 7. O-O Nc6 8.
Be3 O-O 9. Kh1 a6 10. Nb3 e6 11. Qd2 d5 12. Bc5 Re8 13. Rfd1 dxe4 14. Qe3 Nd5
15. Qxe4 Bxc3 16. bxc3 Qf6 17. Rxd5 1-0

[Event "14. Lichtenberger Sommer"]
[Site "14. Lichtenberger Sommer"]
[Date "2015.08.19"]
[Round "5.60"]
[White "Birkholz, Axel"]
[Black "Krüger, Ekkehard"]
[Result "1/2-1/2"]
[WhiteElo "1895"]
[BlackElo "1813"]
[PlyCount "44"]
[EventDate "2015.??.??"]
[WhiteTeam "SR Spaichingen"]
[BlackTeam "Narva Berlin"]

1. e4 e5 2. Nf3 Nf6 3. d4 exd4 4. e5 Ng8 5. Nxd4 d6 6. exd6 Bxd6 7. Nc3 Nf6 8.
Bg5 h6 9. Bh4 O-O 10. Qd2 Qe8+ 11. Be2 Ne4 12. Nxe4 Qxe4 13. Nf3 Bf5 14. O-O
Qxc2 15. Qxc2 Bxc2 16. Rac1 Ba4 17. Bg3 Bxg3 18. fxg3 Bc6 19. Ne5 Bd5 20. Rxc7
Nc6 21. Nxc6 bxc6 22. b3 Rfc8 1/2-1/2

[Event "14. Lichtenberger Sommer"]
[Site "14. Lichtenberger Sommer"]
[Date "2015.08.19"]
[Round "5.61"]
[White "Kautz, Stefan"]
[Black "Janse, Alexander"]
[Result "1-0"]
[WhiteElo "1919"]
[BlackElo "1881"]
[PlyCount "69"]
[EventDate "2015.??.??"]
[WhiteTeam "SC Empor Maulwurf Bonn"]
[BlackTeam "SSV Klim-Op"]

1. d4 d6 2. Nf3 Nd7 3. e4 c5 4. c3 g6 5. Bd3 Bg7 6. O-O Ngf6 7. e5 dxe5 8. dxe5
Nd5 9. e6 fxe6 10. Ng5 N7f6 11. Bb5+ Kf8 12. c4 Qb6 13. cxd5 Qxb5 14. dxe6 h6
15. Nf7 Rh7 16. Ne5 Qe8 17. Qc2 Bxe6 18. Nxg6+ Kg8 19. Re1 Qf7 20. Nc3 Ng4 21.
Nf4 Bf5 22. Qe2 Bd4 23. Nd1 e5 24. Nh3 Rg7 25. Kh1 Qg6 26. g3 Nf6 27. Ng1 Be4+
28. f3 Bc6 29. Be3 e4 30. Bxd4 cxd4 31. Qc4+ Kh8 32. Qxd4 exf3 33. Nf2 Ng4 34.
Ngh3 Nxh2 35. Nf4 1-0

[Event "14. Lichtenberger Sommer"]
[Site "14. Lichtenberger Sommer"]
[Date "2015.08.19"]
[Round "5.62"]
[White "Oginski, Ulrich"]
[Black "Kornath, Heinrich"]
[Result "0-1"]
[WhiteElo "1885"]
[BlackElo "1829"]
[PlyCount "22"]
[EventDate "2015.??.??"]
[WhiteTeam "SC Weisse Dame (Berlin)"]
[BlackTeam "SG Eckturm (Berlin)"]

1. Nf3 Nf6 2. c4 g6 3. Nc3 Bg7 4. g3 O-O 5. Bg2 c5 6. O-O Nc6 7. d4 d6 8. dxc5
dxc5 9. Be3 Qa5 10. Qa4 Nd7 11. Rac1 Bxc3 0-1

[Event "14. Lichtenberger Sommer"]
[Site "14. Lichtenberger Sommer"]
[Date "2015.08.19"]
[Round "5.63"]
[White "Becker, Jared"]
[Black "Kling, Maximilian"]
[Result "1/2-1/2"]
[WhiteElo "1968"]
[BlackElo "1759"]
[PlyCount "82"]
[EventDate "2015.??.??"]
[WhiteTeam "SC Tarrasch München"]
[BlackTeam "SK Kriegshaber"]

1. c4 c5 2. Nf3 Nc6 3. Nc3 g6 4. g3 Bg7 5. Bg2 Nf6 6. O-O O-O 7. d4 cxd4 8.
Nxd4 Nxd4 9. Qxd4 d6 10. Bg5 h6 11. Bd2 Nd7 12. Qh4 g5 13. Qe4 Nc5 14. Qc2 Rb8
15. Be3 b6 16. Rad1 Bb7 17. Nd5 e6 18. Nc3 Qe7 19. Qd2 Bxg2 20. Kxg2 Rfd8 21.
f4 Bxc3 22. Qxc3 Ne4 23. Qc1 f5 24. Rd4 g4 25. Kg1 Qb7 26. Rfd1 Rbc8 27. b4 d5
28. Qa1 Qa6 29. b5 Qa4 30. cxd5 Qxb5 31. dxe6 Rxd4 32. Qxd4 Qxe2 33. e7 Re8 34.
Qd5+ Kg7 35. Bd4+ Nf6 36. Bxf6+ Kxf6 37. Qc6+ Kf7 38. Qd7 Qe3+ 39. Kf1 Qf3+ 40.
Kg1 Qe4 41. Rd5 Qe1+ 1/2-1/2

[Event "14. Lichtenberger Sommer"]
[Site "14. Lichtenberger Sommer"]
[Date "2015.08.19"]
[Round "5.64"]
[White "Scholta, Danilo"]
[Black "Keusch, Horst"]
[Result "0-1"]
[WhiteElo "1861"]
[BlackElo "1984"]
[PlyCount "54"]
[EventDate "2015.??.??"]
[WhiteTeam "SV Empor Berlin"]
[BlackTeam "SC Eintracht Berlin"]

1. d4 Nf6 2. e3 g6 3. Bd3 Bg7 4. f4 d5 5. Nf3 O-O 6. O-O b6 7. Qe2 c5 8. c3 c4
9. Bc2 Bf5 10. Bxf5 gxf5 11. Nbd2 Ne4 12. Nh4 e6 13. Qh5 Nd7 14. Nxe4 dxe4 15.
g3 Nf6 16. Qe2 Rc8 17. a4 Nd5 18. Bd2 Bf6 19. Ng2 Kh8 20. Kf2 Rg8 21. Rh1 Rg7
22. Rag1 Be7 23. Ne1 Qd7 24. Qd1 Rcg8 25. Rg2 Nf6 26. h3 Qd5 27. b4 cxb3 0-1

[Event "14. Lichtenberger Sommer"]
[Site "14. Lichtenberger Sommer"]
[Date "2015.08.19"]
[Round "5.65"]
[White "Ziems, Michael"]
[Black "Steiner, Wolfram"]
[Result "0-1"]
[WhiteElo "1821"]
[BlackElo "1968"]
[PlyCount "92"]
[EventDate "2015.??.??"]
[WhiteTeam "SV Empor Berlin"]
[BlackTeam "SC Weisse Dame e.V."]

1. d4 d5 2. c4 c6 3. Nc3 Nf6 4. Bf4 dxc4 5. e4 b5 6. Nf3 e6 7. Qc2 Bb7 8. Be2
a6 9. Rd1 Nbd7 10. O-O Be7 11. h3 O-O 12. Nh2 Re8 13. Bf3 Qc8 14. g4 Nf8 15. g5
N6d7 16. d5 exd5 17. exd5 Ng6 18. Bg3 cxd5 19. Nxd5 Bxg5 20. Nc7 Nde5 21. Bxb7
Qxb7 22. Nxa8 Bf4 23. Rfe1 Bxg3 24. fxg3 Qxa8 25. Qe4 Qxe4 26. Rxe4 f5 27. Re2
Rc8 28. Kf2 Nd3+ 29. Kf1 f4 30. gxf4 Ngxf4 31. Rc2 Rf8 32. Kg1 Nxh3+ 33. Kg2
Nhf4+ 34. Kg3 Nd5 35. Re2 N5f4 36. Red2 g6 37. Ng4 Kg7 38. a3 h5 39. Ne3 Re8
40. Ng2 Ne2+ 41. Kf3 Nd4+ 42. Kg3 g5 43. Rf1 Kg6 44. Rfd1 h4+ 45. Nxh4+ gxh4+
46. Kxh4 Nf3+ 0-1

[Event "14. Lichtenberger Sommer"]
[Site "14. Lichtenberger Sommer"]
[Date "2015.08.19"]
[Round "5.66"]
[White "Alvarez, Luis"]
[Black "Neubart, Thomas"]
[Result "1/2-1/2"]
[WhiteElo "1853"]
[BlackElo "2042"]
[PlyCount "62"]
[EventDate "2015.??.??"]
[WhiteTeam "Zug um Zug Everswinkel"]
[BlackTeam "Berliner SchGes Eckbauer"]

1. e4 d6 2. d4 Nf6 3. Nc3 g6 4. Nf3 Bg7 5. Bd3 O-O 6. h3 Nbd7 7. O-O c6 8. Re1
e5 9. dxe5 dxe5 10. Be3 Qc7 11. Qd2 Re8 12. Rad1 Nf8 13. a3 b5 14. b4 Ne6 15.
Ne2 Bb7 16. Ng3 a6 17. c4 Rad8 18. Qc3 Nd7 19. c5 Ndf8 20. Nh2 Bc8 21. Ne2 Nf4
22. Bc2 N8e6 23. Nf3 Rxd1 24. Bxd1 Rd8 25. Ng3 Rd3 26. Qc1 Qd8 27. Bc2 Rd7 28.
Kh2 Nd3 29. Bxd3 Rxd3 30. Ne2 f6 31. Qb2 Qe7 1/2-1/2